000 00438nam a2200181Ia 4500
003 OSt
005 20230525144522.0
008 210423s2002 xx 000 0 und d
040 _cAL
041 _aeng
082 _a302
_223
_bPALS
100 _aPALIWAL (Suprithy).
_9113908
245 _aSocial psychology.
260 _aJaipur
_bR B S A Publisher
_c2002
365 _b650
_cINR
906 _apsychology. ; Social
942 _2ddc
_cBK
999 _c173224
_d173224